00653nam a2200193Ia 450000500170000000800410001702000150005808200130007310000180008624500980010426000780020230000120028065000130029265000190030565000150032494200060033995200990034599900150044420250521034439.0240331s9999 xx 000 0 und d a9559089005 bGAJa305 aGajanayake, J 0aPraja sanwardana vyapruthi :bsalasum kirima kiriyathmaka kirima agayeema -pilibenda athpotha aColombobNational Association for Community Development & Educationc1990 a79 p ., aPlanning aImplementation aEvaluation cL 001040708LaWERCLbWERCLcSSCd2024-03-31l0o 305.402 GAJp3366r2024-03-31w2024-03-31yL c1797d1797